000 01699nam a2200361 a 4500
001 ebr10231129
003 CaPaEBR
006 m u
007 cr cn|||||||||
008 701211s1970 mnu sb 001 0deng d
010 _z 74109940
020 _z0816605726
020 _z9780816605729
020 _z9780816661947
040 _aCaPaEBR
_cCaPaEBR
035 _a(OCoLC)233575799
050 1 4 _aZ8455.8
_b.C62 1970eb
082 0 4 _a012
100 1 _aClifford, James L.
_q(James Lowry),
_d1901-1978.
245 1 0 _aSamuel Johnson
_h[electronic resource] :
_ba survey and bibliography of critical studies /
_c[by] James L. Clifford and Donald J. Greene.
260 _aMinneapolis :
_bUniversity of Minnesota Press,
_c[1970]
300 _axvi, 333 p.
500 _aBased on the author's Johnsonian studies, 1887-1950, and A bibliography of Johnsonian studies, 1950-1960, with additions and corrections, 1887-1950, prepared together with D. J. Greene.
504 _aIncludes bibliographical references and index.
505 0 _apt. 1. General bibliography -- pt. 2. Bibliography of individual works.
533 _aElectronic reproduction.
_bPalo Alto, Calif. :
_cebrary,
_d2013.
_nAvailable via World Wide Web.
_nAccess may be limited to ebrary affiliated libraries.
600 1 0 _aJohnson, Samuel,
_d1709-1784
_xCriticism and interpretation
_vBibliography.
600 1 0 _aJohnson, Samuel,
_d1709-1784
_xCriticism and interpretation
_xHistory.
655 7 _aElectronic books.
_2local
700 1 _aGreene, Donald Johnson.
710 2 _aebrary, Inc.
856 4 0 _uhttp://site.ebrary.com/lib/rucke/Doc?id=10231129
_zAn electronic book accessible through the World Wide Web; click to view
999 _c39527
_d39527